Candidats de Nouvelle Ecole (saison 1 à 4) - Statistiques

Statistiques générales
  • Ce quiz a été pris 45 fois
  • Le résultat moyen est 26 sur 60
Statistiques - réponses
Par images Réponse % Correct
2L
96%
Dadi
93%
Fresh
89%
Clara Charlotte
85%
Eve La Marka
81%
JYEUHAIR
81%
Elyon
74%
Yorssy
74%
Kenz
70%
TRZ
70%
Ben PLG
67%
Guerta
67%
James Loup
67%
Youssef Swatt’s
67%
AMK
63%
BB Jacques
63%
Dau
56%
Yuz Boy
56%
Juss
52%
Lpee
52%
Damys
48%
Durden
48%
Shayne
48%
Sophieanne
48%
Coelho
44%
Leys
44%
Maks
44%
Slkrack
44%
Somyke
44%
Zedié
44%
Ekloz
41%
KT Gorique
41%
Warend
41%
LEDOS
37%
Nayra
33%
Ziena
33%
Arka
30%
c_le_zee
30%
Elten
30%
LauCarré
30%
Le Dark
30%
Bayass
22%
Godson
22%
STLR
22%
D.A.V
19%
Flash
19%
Vadek
19%
Angie
15%
Driss
15%
Elso
15%
Josué
15%
K2 Shab’s
15%
Mdlean
15%
O?NI
15%
Randy
15%
Soumeya
15%
Anglade
11%
Hakill
11%
La Valentina
11%
Naimless
11%
Aucun quiz correspondant
Distribution des résultats
% des personnes avec chaque résultat
Percentile par nombre de réponses
Votre historique - résultats
Vous n’avez pas pris ce quiz